Statistics for Star Trek Characters and Actors

Click here to take the quiz!

General Stats

  • This quiz has been taken 9,798 times
    (9,791 since last reset)
  • The average score is 24 of 44

Answer Stats

SeriesJob TitleCharacter or Actor% Correct
OriginalCaptainJames T. Kirk
98%
OriginalScience OfficerSpock
97%
The Next GenerationCaptainJean-Luc Picard
91%
OriginalChief EngineerMontgomery "Scotty" Scott
89%
OriginalMedical OfficerLeonard "Bones" McCoy
87%
OriginalScience OfficerLeonard Nimoy
81%
OriginalCaptainWilliam Shatner
79%
The Next GenerationSecond OfficerData
78%
OriginalHelmsmanHikaru Sulu
77%
The Next GenerationCounsellorDeanna Troi
74%
OriginalCommunicationsNyota Uhuru
74%
The Next GenerationChief of SecurityWorf
74%
OriginalEnsign, NavigatorPavel Chekov
72%
The Next GenerationFirst OfficerWilliam Riker
71%
The Next GenerationCaptainPatrick Stewart
69%
The Next GenerationChief EngineerGeordi La Forge
63%
The Next GenerationEnsign, HelmsmanWesley Crusher
63%
VoyagerCaptainKathryn Janeway
61%
The Next GenerationBartenderWhoopi Goldberg
55%
The Next GenerationTransporter ChiefMiles O'Brien
53%
OriginalHelmsmanGeorge Takei
52%
Deep Space NineCaptainBenjamin Sisko
48%
The Next GenerationBartenderGuinan
48%
OriginalMedical OfficerDeForest Kelley
46%
Deep Space NineChief of SecurityOdo
46%
The Next GenerationSecond OfficerBrent Spiner
45%
Deep Space NineBar OwnerQuark
44%
The Next GenerationFirst OfficerJonathan Frakes
43%
The Next GenerationEnsign, HelmsmanWil Wheaton
43%
The Next GenerationChief EngineerLeVar Burton
40%
OriginalCommunicationsNichelle Nichols
39%
EnterpriseCaptainJonathan Archer
38%
Deep Space NineFirst OfficerKira Nerys
37%
The Next GenerationCounsellorMarina Sirtis
37%
The Next GenerationChief of SecurityMichael Dorn
37%
OriginalChief EngineerJames Doohan
35%
EnterpriseCaptainScott Bakula
30%
The Next GenerationTransporter ChiefColm Meaney
27%
OriginalEnsign, NavigatorWalter Koenig
27%
VoyagerCaptainKate Mulgrew
26%
Deep Space NineCaptainAvery Brooks
22%
Deep Space NineFirst OfficerNana Visitor
22%
Deep Space NineChief of SecurityRene Auberjonois
21%
Deep Space NineBar OwnerArmin Shimerman
19%

Score Distribution

Percentile by Number Answered

Percent of People with Each Score

Your Score History

You have not taken this quiz since the last reset